| 000 | 00406nam a2200157Ia 4500 | ||
|---|---|---|---|
| 008 | 230312s9999||||xx |||||||||||||| ||und|| | ||
| 020 | _a1-4354-9826-6 | ||
| 082 |
_a621.31924 _bMUL-E |
||
| 100 | _aMullin;Ray.C | ||
| 245 | 0 | _aElectrical Wiring Residential | |
| 260 |
_bDelmar Cengage _aUSA _c2011 |
||
| 300 | _a779 | ||
| 546 | _aEng. | ||
| 650 |
_aEngineering _vElectrical Wiring Residential |
||
| 942 | _cBK | ||
| 999 |
_c7510 _d7510 |
||